Suriname’s Borders’ Borders Quiz Stats

 Plays Quiz Updated Mar 30, 2018

Score 0/23 Timer 02:00
0 Plays Today
% Correct
Brazil (Country #1)
99.3%
Brazil
99.3%
Brazil
99.3%
Guyana (Country #3)
97%
Guyana
97%
Argentina
95.6%
Venezuela
95.1%
Venezuela
95.1%
Colombia
94.9%
Paraguay
94.5%
Uruguay
94%
Peru
93.5%
% Correct
Bolivia
91.9%
France (Country #2)
84.1%
France
84.1%
Spain
80.4%
Germany
78.9%
Belgium
78.7%
Andorra
77.2%
Switzerland
76.5%
Luxembourg
74.9%
Italy
74.7%
Monaco
72.3%

You're not logged in!

Compare scores with friends on all Sporcle quizzes.
OR
Log In

Sporcle TV

Today on Sporcle TV


Watch our educational content, quiz creation guides, and fun videos on Sporcle TV.

Show Comments

Extras

Top Quizzes Today


Score Distribution

Your Account Isn't Verified!

In order to create a playlist on Sporcle, you need to verify the email address you used during registration. Go to your Sporcle Settings to finish the process.

Report this User

Report this user for behavior that violates our Community Guidelines.

Details: